000 00422nam a22001697a 4500
005 20180201164630.0
008 160429b xxu||||| |||| 00| 0 eng d
020 _a81-7808785-5
041 _aeng
082 _b00754
_a004.6
100 _aTanenbaum, Andrew S.
_9108
245 _aComputer Network
260 _aNew Delhi
_bPearson Education,
_c2003
300 _a891
650 _aInformation Technology
_9137
942 _cBK
999 _c234
_d234